| 000 | 00925nam a22002417a 4500 | ||
|---|---|---|---|
| 005 | 20110914120616.0 | ||
| 008 | 110914t xxu||||| |||| 00| 0 eng d | ||
| 010 | _aENG-103686 | ||
| 020 |
_a9788184503982 _c480.00 |
||
| 035 | _aEN-87219 | ||
| 037 | _bDBAD/PUB | ||
| 040 |
_aDPL _bEng |
||
| 082 | _a303.372 | ||
| 100 |
_aJaswal, Vikram Singh _934730 |
||
| 245 |
_aJustice V.R. Krishna Iyer's concept of social justice / _cby Vikram Singh Jaswal [and] Shweta Jaswal |
||
| 260 |
_aNew Delhi _bDeep and Deep Publications _c2011 |
||
| 270 |
_aF-159, Rajouri Garden _bNew Delhi _e110027 |
||
| 300 |
_axii,141p. _c23cm (Hb) |
||
| 500 | _aIncludes bibliographical references and index | ||
| 700 |
_934731 _aJaswal, Shweta |
||
| 942 |
_2ddc _cEN _mJAS _h303.372 |
||
| 999 |
_c56590 _d56590 |
||